1729 1447 1292 1286 1605 1562 1598 1083 1140 1474 1652 1172 1167 1246 1435 1449 1963 1674 1304 1762 1159 1858 1194 1112 1110 1638 1434 1559 1677 1748 1680 1275 1092 1898 1908 1306 1985 1825 1103 1512 1523 1977 1960 1559 1341 1748 1504 1664 1972 1994 1221 1947 1462 1384 1709 1780 1046 1189 1292 1644 1055 1655 1415 1155 1881 1265 1448 1309 1985 1475 1590 1925 1010 1643 1863 1937 1679 1477 1911 1479 1780 1894 1958 1137 1896 1634 1868 1122 1673 1180 1052 1453 1708 1824 1562 1410 1047 1569 1507 BCNSPRNW ULIB Ver.6.0+V

เปลี่ยนเป็นภาษาไทย

Change to English
 แสดงรายละเอียดบรรณานุกรม
  กลับหน้าหลัก

Brief Record : Get Marc (ISO 2709) : E-mail record : QR code < ปิดหน้าต่าง
LEADER : 00000nam 2200000uu 4500
001    13399109550
003     ULIB
008    110405s||||||||th 000 0 tha d
020    9786165070324
041 0  tha
060  4 W21^bค439ล
100 1  คิดเดอร์, เทรซี
245 00 ล่าฝันโพ้นภูผา =^bMountains beyond mountains /^cโดย Tracy Kidder ; ชณัณกร เพ็ชรวัฒนา, ผู้แปล
246 31 Mountains beyond mountains
250    พิมพ์ครั้งที่ 1
260    กรุงเทพฯ :^bหมอชาวบ้าน,^c2553
300    387 หน้า ;^c21 ซม.
500    จากหนังสือ Mountains beyond mountains
650  7 แพทย์^xชีวประวัติ
650  7 สิทธิการรักษาการพยาบาล
650  7 สิทธิมนุษยชน
650  7 การปฏิรูประบบบริการสาธารณสุข
651  0 นายแพทย์พอล ฟาร์เมอร์^xชีวประวัติ
700 0  ชณัณกร เพ็ชรวัฒนา,^eผู้แปล
945    ^p250^l0^i18121
999     เกษร
รายการนี้ยังไม่มีแท็ก
คุณยังไม่ได้ล็อกอิน คุณสามารถมีกิจกรรมร่วมกับเว็บไซต์ได้ แต่ต้องล็อกอินก่อน ::
  ล็อกอิน

รายการสื่อสารสนเทศ

ลำดับที่ ประเภท เลขเรียก/บาร์โค้ด สถานที่ สถานะ
- ไม่พบข้อมูล -

รายการใกล้เคียง
    ผู้แต่ง [คิดเดอร์, เทรซี]

    หัวเรื่อง [สิทธิการรักษาการพยาบาล]
    หัวเรื่อง [สิทธิมนุษยชน]
    หัวเรื่อง [การปฏิรูประบบบริการสาธารณสุข]

BibComment


ยังไม่เคยถูกคอมเมนท์

คอมเมนท์ทรัพยากรรายการนี้
  คอมเมนท์: ล่าฝันโพ้นภูผา M..


 Copyright 2026. Bcnsprnw @Library